The allocation of resources : theory and policy
Αποθηκεύτηκε σε:
| Κύριος συγγραφέας: | |
|---|---|
| Άλλοι συγγραφείς: | |
| Μορφή: | Βιβλίο |
| Γλώσσα: | English |
| Δημοσίευση: |
London :
G. Allen and unwin,
c1978
|
| Θέματα: | |
| Ετικέτες: |
Προσθήκη ετικέτας
Δεν υπάρχουν, Καταχωρήστε ετικέτα πρώτοι!
|
MARC
| LEADER | 00000nam a2200000 i 4500 | ||
|---|---|---|---|
| 001 | 1/51170 | ||
| 008 | 960215s1978 eng d | ||
| 020 | |a 0-04-300074-6 (pbk.) | ||
| 035 | |l 10027127 | ||
| 040 | |a GR-MY-UA |b gre |e aacr | ||
| 041 | 0 | |a eng | |
| 082 | 0 | |a 338.5 | |
| 100 | 1 | |a Kenneth, George. | |
| 245 | 1 | 4 | |a The allocation of resources : |b theory and policy / |c G.Kenneth, J.Shorey |
| 260 | |a London : |b G. Allen and unwin, |c c1978 | ||
| 300 | |a 274 p. | ||
| 650 | 0 | 0 | |a Microeconomics. |
| 700 | 1 | |a Shorey, John. | |
| 852 | |a INST |b CHIOS |e 19960215 |h 338.5 GEO |p 005200005384 |q 005200005384 |t BK |y 0 | ||
| 909 | |a Χ |b 000133 | ||